000 014530000a22002410004500
020 _a84-7050-653-6
082 0 4 _aG 270.09 V635p
100 1 _aViciano, Alberto
245 1 0 _aPatrología / Albert Viciano
260 _aValencia : Edicep
300 _a344 p. ; 24 cm
490 0 _aManuales de teología católica.Suplementa ; 1
501 _arústico
504 _aIncluye referencias bibliográficas e índices
505 0 0 _aI PARTE: Período preniceno hasta el año 325 -- Presentación general del período -- Los padres apostólicos -- Literatura apócrifa neotestamentaria -- Apologistas griegos -- Literatura apócrifa neotestamentaria -- Literatura martirial -- Las primeras homilías y la tradición apostólica -- Literatura herética y antiherética -- La secuela de Alejandría -- Los comienzos de la literatura latina cristiana \ II PARTE: Presentación general de este período -- Padres griegos -- Padres latinos\ III PARTE: Período postcalcedonense años 451-750 -- Presentación General de este período -- Padres griegos -- Padres latinos \ IV PARTE: Padres hispanos --- Presentación general -- Patrología hispano-romana -- Patrología hispano-visigótica
650 1 4 _aPADRES DE LA IGLESIA \ PATRISTICA \ IGLESIA - HISTORIA - PATRISTICA
740 0 _aPatrología
001 17994
942 _cBK
999 _c44487
_d44487
336 _atexto
_btxt
_2rdacontent
337 _2rdamedia
_asin mediación
_bn
338 _2rdacarrier
_avolumen
_bnc